Легенди за Христа (Запис номер 18389)
[ съкратено ]
| 000 -Лидер | |
|---|---|
| Контролно поле с фиксирана дължина | 01130nam a2200313 c 4500 |
| 003 - Код на организацията, давaща контролен номер | |
| Контролно поле | BLK |
| 005 - Дата и час на последна редакция | |
| Контролно поле | 20180420215343.0 |
| 008 - Елементи от данни с фиксирана дължина | |
| fixed length control field | 180413b bul|||||r ||||||| ||bul|| |
| 010 ## - Наследен системен номер | |
| LC control number | KNG00020440000 |
| 040 ## - Източник на каталожния запис | |
| Идентификатор на билиотеката - собственик на записа | BLK |
| 041 ## - Код за език | |
| Код за езика на текст/звукозапис или на отделно заглавие | Български |
| Код за езика КДБФ | Български |
| 080 ## - УДК | |
| Текстов определител УДК | Шведска литература |
| УДК код - определител по УДК | 821.113.6 |
| УДК определител | -93-34 |
| УДК - код + определител | 821.113.6-93-34 |
| 100 1# - Редна дума - Автор | |
| Автор | Лагерльоф, Селма Отилиана Лувиса |
| Авторска отговорност | първи автор |
| R(LIN) | 86997 |
| 139 ## - Редно поле | |
| Редна дума | Лагерльоф, Селма Отилиана Лувиса |
| Авторски знак | Лаг - Л 13 |
| 245 10 - Сведения за заглавието | |
| Заглавие | Легенди за Христа |
| Редно поле (дума) | Селма Отилиана Лувиса Лагерльоф. |
| 250 ## - Област на изданието | |
| Сведения за изданието | [Ново изд.] |
| 257 ## - Страна на издаване | |
| Страна на създаване/издаване | Швеция |
| 260 ## - Област на издателските данни | |
| -- | София |
| Име на издателя, разпространителя и проч. | Весела Люцканова |
| Година на издаване | 1997 |
| 300 ## - Физическа характеристика | |
| Страници | 160 с. |
| Размери/Мащаб | 20 см |
| 380 ## - Жанр | |
| Жанр | Детска худож. лит. |
| 500 ## - Общи забележки | |
| Забележка | Без сведение за ориг. загл. - 3 000 тир. |
| 653 ## - Ключова дума – ненормативна | |
| Ключова дума | легенди |
| 653 ## - Ключова дума – ненормативна | |
| Ключова дума | Исус Христос |
| 852 ## - Местоположение | |
| Форматна сигнатура | Цб 194785 |
| 856 4# - Електронен адрес и достъп | |
| Електронен формат | pdf - файл |
| Път до файла /url/ | |
| 856 4# - Електронен адрес и достъп | |
| Електронен формат | pdf - файл |
| Път до файла /url/ | |
| 942 ## - АРТИКУЛИ | |
| Вид на библиотечния материал | Книги |
| Скрит в OPAC | Не |
| 944 ## - СЪЗДАВАНЕ И РЕДАКЦИЯ на ЗАПИСА | |
| Създаване/Редакция | Създаване |
| Дата на регистрацията/редакция | 15.01.2003 |
| Статус, дата на статуса | ф / |
| Служител, извършил регистрацията/редакцията | AB_DOS |
| 944 ## - СЪЗДАВАНЕ И РЕДАКЦИЯ на ЗАПИСА | |
| Създаване/Редакция | Редакция |
| Дата на регистрацията/редакция | 15.07.2015 |
| Статус, дата на статуса | ф / |
| Служител, извършил регистрацията/редакцията | Людмила_Стоянова |
| 999 ## - СИСТЕМНИ КОНТРОЛНИ НОМЕРА | |
| Koha biblionumber | 18389 |
| Koha biblioitemnumber | 18389 |
| Код за отписване | Код за изгубен артикул | Източник на класификационната схема | Код за повреда | Коз за рестрикции | Код за отдаване | Артикулен № | Име на библиотеката - собственик | Име на библиотеката, в която се намира в момента | Статус (Текущо местоположение) | Дата на вписване в системата | Местоположение - отдел | Цена в лева | Инвентарен номер | Систематично азбучна сигнатура | Баркод | Номер на екземпляра | Цена в евро | Служебна бележка | Служебен тип на артикула |
|---|---|---|---|---|---|---|---|---|---|---|---|---|---|---|---|---|---|---|---|
| Не е изгубен | Universal Decimal Classification | Не е повреден | без рестрикции | ползва се в читалня | 30863 | Регионална библиотека "Любен Каравелов" Русе | Регионална библиотека "Любен Каравелов" Русе | Хранилище | 2001-01-01 | Хранилище | 2.50 | 638342 | Цб 194785 | 120000638342 | 1 | 1.28 | Дост: Dp Вид: Д N: стар фонд Дата: 01.01.1997 | Книги | |
| Изтеглен | Не е изгубен | Universal Decimal Classification | Не е повреден | без рестрикции | заемане за дома | 30864 | Регионална библиотека "Любен Каравелов" Русе | Регионална библиотека "Любен Каравелов" Русе | Детски отдел | 2001-01-01 | Детски отдел | 2.50 | 636656 | ДХ 820/899/Л 13 | 636656 | 2 | 1.28 | Дост: Pk Вид: Ф N: стар фонд Дата: 01.01.1997 Дата инв: 11.09.2015 Бележки инв: Д2015 | Книги |